000 00998nmm a2200289 a 4500
001 ocm0002015496
003 TR-IsHL
005 20201028175743.0
008 181108s2014 tu tur
007 cr cn
020 _a9789753434690
035 _a2015496
_b(N$T)
050 0 4 _aDR590
_b.P47 2014
090 0 4 _aDR590
_b.P47 2014
100 1 _aPerinçek, Doğu
245 1 0 _aKemalist devrim-5 :
_b Kemalizmin felsefesi ve kaynakları
_h[electronic resource] /
_cDoğu Perinçek ; genel yayın yönetmeni Sadık Usta
250 _a3. Basım
260 _aİstanbul :
_bKaynak Yayınları,
_c2014
300 _a108 p.
650 4 _aTarih
650 4 _aHistory
650 0 _aKürtler
_x Türkiye
_x Siyaset ve yönetim
650 0 _aKurds
_x Turkey
_x Politics and government
650 7 _aHISTORY / Middle East / Turkey & Ottoman Empire
_2bisacsh
700 1 _aUsta, Sadık
856 4 0 _uhttp://search.ebscohost.com/login.aspx?direct=true&scope=site&db=e011xww&AN=2015496
999 _c18821
_d18821